| 000 | 00950nam a2200241 i 4500 | ||
|---|---|---|---|
| 001 | 183718 | ||
| 003 | ES-MaACL | ||
| 005 | 20250622051331.0 | ||
| 008 | 141002s1996 sp |||| | spa d | ||
| 080 | _a75 Liébana, Ginés (083.824) | ||
| 100 | 1 |
_aLiébana, Ginés, _d1921-2022 _972224 |
|
| 245 | 1 | 1 |
_a[Ginés Liébana _b: Ateneo de Madrid, 1996]. |
| 260 |
_aMadrid : _bAteneo de Madrid, _c1996. |
||
| 300 |
_a[8] p. : _bil. col. ; _c22 cm. |
||
| 585 | _aPubl. con motivo de la exposición de Ginés Liébana en la Sala Santa Catalina del Ateneo de Madrid, 14 de marzo al 14 de abril de 1996. | ||
| 600 | 1 | 7 |
_aLiébana, Ginés, _d1921-2022 _vExposiciones _2 _9155645 |
| 610 | 0 | 4 |
_aAteneo de Madrid- _vExposiciones- _y1991-2000 _91923 |
| 655 | 7 |
_2tgfbne _9193628 _aCatálogos de exposiciones |
|
| 710 | 2 |
_aAteneo de Madrid. _bSala de Santa Catalina. _91964 |
|
| 852 |
_aES-MaACL _j1496-F-6. |
||
| 942 | _2udc | ||
| 999 |
_c183718 _d183718 |
||